000 00357 a2200109 4500
001 ART_46018
005 20260410161731.0
008 260409a
245 1 0 _aEfecto de la inflación en el análisis financiero
100 1 _aMartino, Sofía
773 0 _tEscritos contables y de administración
_g- Vol. 7, Nº 1 (ene./jun. 2016)
_wREV2758
999 _c17832
_d17832